[Event "Gibraltar Open"]
[Site "Caleta ENG"]
[Date "2012.02.02"]
[Round "10.43"]
[White "Raznikov, Danny"]
[Black "Rowe, Duane"]
[Result "0-1"]
[WhiteTitle "IM"]
[BlackTitle "CM"]
[WhiteElo "2436"]
[BlackElo "2236"]
[WhiteFideId "2811154"]
[BlackFideId "7400268"]
[EventDate "2012.01.24"]

1. Nf3 Nf6 2. c4 e6 3. g3 c5 4. Bg2 Be7 5. Nc3 O-O 6. O-O d6 7. d4 Nbd7 8. e4
cxd4 9. Nxd4 Ne5 10. Qe2 Qc7 11. b3 a6 12. Bb2 Bd7 13. Rac1 Rac8 14. Kh1 Qc5 15.
f4 Nc6 16. Nc2 Qa5 17. Rfd1 Rfe8 18. g4 h6 19. e5 dxe5 20. g5 exf4 21. gxf6 Bxf6
22. Rxd7 Bxc3 23. Bxc3 Qxc3 24. Qd2 Qf6 25. Rf1 g5 26. Bxc6 bxc6 27. Rd1 a5 28.
c5 Qe5 29. Qd4 Qf5 30. Qf2 Rb8 31. Na3 e5 32. Nc4 e4 33. R7d4 Qxc5 34. Nd6 e3
35. Qe2 Re6 36. Kg2 a4 37. Ne4 Qf5 38. Nd6 Qg6 39. b4 a3 40. h3 c5 41. Rd5 Rxb4
42. Qa6 Rb2+ 0-1

[Event "Gibraltar Open"]
[Site "Caleta ENG"]
[Date "2012.02.02"]
[Round "10.44"]
[White "Montero Melendez, Rafael"]
[Black "Lyrberg, Patrik"]
[Result "0-1"]
[BlackTitle "IM"]
[WhiteElo "2303"]
[BlackElo "2435"]
[WhiteFideId "2221772"]
[BlackFideId "1701975"]
[EventDate "2012.01.24"]

1. c4 e6 2. g3 d5 3. Bg2 d4 4. Nf3 Nc6 5. e3 Bc5 6. O-O a5 7. exd4 Nxd4 8. Nc3
Ne7 9. Nxd4 Bxd4 10. Ne2 Nc6 11. Bxc6+ bxc6 12. Nxd4 Qxd4 13. d3 O-O 14. Qe2 e5
15. Be3 Qd6 16. Rad1 Bf5 17. d4 e4 18. f3 Qg6 19. Rd2 Rfe8 20. Bf4 exf3 21. Qxf3
Bh3 22. Bxc7 Bxf1 23. Kxf1 Qe6 24. Qd3 Qh3+ 25. Rg2 Re7 26. Be5 Rae8 27. Qe4 f6 0-1

[Event "Gibraltar Open"]
[Site "Caleta ENG"]
[Date "2012.02.02"]
[Round "10.48"]
[White "Lund, Silas"]
[Black "Stone, Andrew M"]
[Result "1-0"]
[WhiteTitle "IM"]
[WhiteElo "2414"]
[BlackElo "2237"]
[WhiteFideId "1405454"]
[BlackFideId "404985"]
[EventDate "2012.01.24"]

1. d4 e6 2. c4 Bb4+ 3. Bd2 a5 4. Nc3 Nf6 5. e3 O-O 6. Bd3 Re8 7. Nge2 Nc6 8. a3
Bf8 9. O-O e5 10. d5 Ne7 11. d6 cxd6 12. e4 Ng6 13. Rc1 b6 14. f3 Ba6 15. Be3
Ne7 16. Na4 Rb8 17. Nec3 Nc8 18. Qe2 Bb7 19. Nb5 Bc6 20. Nac3 Nh5 21. g3 g6 22.
Nd5 Rb7 23. Qf2 Be7 24. Rc2 Bg5 25. f4 exf4 26. gxf4 Bh4 27. Qf3 Bxd5 28. cxd5
Be7 29. e5 Rf8 30. Rg2 Ng7 31. f5 f6 32. fxg6 fxe5 33. gxh7+ Kh8 34. Bh6 Bf6 35.
Qxf6 1-0

[Event "Gibraltar Open"]
[Site "Caleta ENG"]
[Date "2012.02.02"]
[Round "10.49"]
[White "Chapman, Terry P D"]
[Black "Quillan, Gary"]
[Result "0-1"]
[BlackTitle "IM"]
[WhiteElo "2253"]
[BlackElo "2409"]
[WhiteFideId "413399"]
[BlackFideId "401153"]
[EventDate "2012.01.24"]

1. Nf3 Nf6 2. c4 e6 3. g3 c5 4. Bg2 d5 5. cxd5 exd5 6. d4 Nc6 7. O-O cxd4 8.
Nxd4 Be7 9. Nc3 O-O 10. Bg5 h6 11. Be3 Re8 12. Rc1 Be6 13. Nxc6 bxc6 14. Na4 Qc8
15. Bc5 Bd8 16. Bd4 Bg4 17. Re1 Qa6 18. Nc3 Rb8 19. Qc2 Bh5 20. b3 Be7 21. e4
Bg6 22. Qe2 Qa5 23. e5 Ba3 24. Qf3 Bxc1 25. Rxc1 Nd7 26. Re1 Be4 27. Qh5 c5 28.
Bxe4 cxd4 29. Bxd5 Qxc3 30. Re4 Re7 31. Rg4 Nxe5 0-1

[Event "Gibraltar Open"]
[Site "Caleta ENG"]
[Date "2012.02.02"]
[Round "10.50"]
[White "Valhondo Morales, Ruben"]
[Black "Dukaczewski, Piotr"]
[Result "1-0"]
[BlackTitle "IM"]
[WhiteElo "2046"]
[BlackElo "2344"]
[WhiteFideId "22202692"]
[BlackFideId "1103520"]
[EventDate "2012.01.24"]

1. e4 c5 2. Nf3 d6 3. d4 cxd4 4. Nxd4 Nf6 5. f3 Nc6 6. c4 g6 7. Nc3 Bg7 8. Be3
O-O 9. Qd2 Bd7 10. Be2 Nxd4 11. Bxd4 Bc6 12. O-O Nd7 13. Be3 a5 14. Rfc1 Nc5 15.
b3 f5 16. exf5 gxf5 17. Rc2 b6 18. Rb1 Be8 19. f4 Bc6 20. h3 Kh8 21. Kh2 Rg8 22.
Bf1 Ra7 23. a3 Rd7 24. b4 Ne4 25. Nxe4 Bxe4 26. Bd3 d5 27. c5 d4 28. Bg1 axb4
29. axb4 bxc5 30. bxc5 Rc7 31. g4 e6 32. Rb4 Bxd3 33. Qxd3 fxg4 34. Bxd4 Qh4 35.
Rg2 h5 36. Bf2 Qxh3+ 37. Qxh3 gxh3 38. Rg5 Bh6 39. Bd4+ Kh7 40. Rxh5 Kg6 41. Rh4
Rf8 42. Rg4+ Kf5 43. Kxh3 Ra8 44. Bf2 Ra2 45. Bg1 Rc2 46. Rh4 Rc3+ 47. Kh2 Rc2+
48. Kh3 Rc3+ 49. Kh2 Bf8 50. Rh5+ Kg6 51. Rg5+ Kf7 52. Bd4 Rf3 53. Be5 Ra7 54.
c6 Ra2+ 55. Rg2 Rxg2+ 56. Kxg2 Bxb4 57. c7 Ra3 58. c8=Q Be7 59. Qd7 Ra6 60. Bd4
Rd6 61. Qa7 Rd5 62. Kf3 Rf5 63. Be5 Ke8 64. Qb8+ Kf7 65. Qc7 Kf8 66. Qc8+ Kf7
67. Kg4 Bf8 68. Qd7+ Kg8 69. Qxe6+ Rf7 70. f5 Bg7 71. f6 1-0

[Event "Gibraltar Open"]
[Site "Caleta ENG"]
[Date "2012.02.02"]
[Round "10.51"]
[White "Schiller, Eric"]
[Black "Andersen, Daniel"]
[Result "0-1"]
[WhiteTitle "FM"]
[BlackTitle "FM"]
[WhiteElo "2109"]
[BlackElo "1884"]
[WhiteFideId "2002973"]
[BlackFideId "1402714"]
[EventDate "2012.01.24"]

1. d4 Nf6 2. Nf3 g6 3. c4 Bg7 4. Nc3 d5 5. cxd5 Nxd5 6. Qb3 Nxc3 7. bxc3 O-O 8.
e4 c5 9. Bb2 cxd4 10. cxd4 Nc6 11. Rd1 Na5 12. Qa3 b6 13. d5 Bb7 14. Bxg7 Kxg7
15. Be2 Rc8 16. O-O Rc5 17. Rc1 Qd6 18. Rxc5 Qxc5 19. Qxc5 bxc5 20. Rc1 Rc8 21.
Rc3 c4 22. Kf1 f5 23. exf5 Bxd5 24. Nd4 gxf5 25. Nxf5+ Kf6 26. Ne3 Ke5 27. Ke1
Kd4 28. Kd2 Rb8 29. Ra3 Rb5 30. f3 Bf7 31. Nf5+ Rxf5 0-1

[Event "Gibraltar Open"]
[Site "Caleta ENG"]
[Date "2012.02.02"]
[Round "10.52"]
[White "Ranaivoharisoa, Alain"]
[Black "Getz, Nicolai"]
[Result "1/2-1/2"]
[BlackTitle "IM"]
[WhiteElo "2135"]
[BlackElo "2408"]
[WhiteFideId "13100025"]
[BlackFideId "1505572"]
[EventDate "2012.01.24"]

1. e4 e5 2. Nf3 Nc6 3. Bb5 a6 4. Bxc6 dxc6 5. d3 f6 6. Be3 Bg4 7. Nbd2 c5 8. Qe2
Qd7 9. h3 Be6 10. Nb3 b6 11. O-O g5 12. c3 h5 13. Nfd2 a5 14. a4 h4 15. f3 Bd6
16. d4 cxd4 17. cxd4 Ne7 18. d5 Bf7 19. Nc4 Bb4 20. Nc1 Ng6 21. Nd3 Be7 22. Rfc1
O-O 23. Na3 Rfc8 24. Nb5 Be8 25. Rc2 Qd8 26. Rac1 Bd6 27. Nf2 Nf4 28. Qf1 Bd7
29. Nd3 f5 30. Nxd6 cxd6 31. Rxc8 Rxc8 32. Rxc8 Qxc8 33. Nxf4 exf4 34. Bxb6 fxe4
35. fxe4 Qc2 36. Qf2 Qxe4 37. Bxa5 Qxd5 38. Bc3 Bxa4 39. Qa7 Qc5+ 1/2-1/2

[Event "Gibraltar Open"]
[Site "Caleta ENG"]
[Date "2012.02.02"]
[Round "10.53"]
[White "Karim, Ismael"]
[Black "Lind, Jan-Olof"]
[Result "1/2-1/2"]
[WhiteTitle "IM"]
[WhiteElo "2405"]
[BlackElo "2219"]
[WhiteFideId "625736"]
[BlackFideId "1701193"]
[EventDate "2012.01.24"]

1. d4 Nf6 2. c4 d6 3. Nc3 Nbd7 4. Nf3 e5 5. Bg5 Be7 6. Qc2 exd4 7. Nxd4 g6 8.
O-O-O O-O 9. f3 c6 10. h4 d5 11. cxd5 Nxd5 12. Bxe7 Qxe7 13. Nxd5 cxd5 14. h5
Ne5 15. Qd2 Nc6 16. hxg6 fxg6 17. e4 Qc5+ 18. Nc2 dxe4 19. b4 Qe7 20. b5 Ne5 21.
Qd5+ Kh8 22. Qd4 Qf6 23. f4 Ng4 24. Be2 Bf5 25. Qxf6+ Rxf6 26. Rd4 Nf2 27. Rf1
Nd3+ 28. Bxd3 exd3 29. Ne3 h5 30. Kd2 Raf8 31. Rc1 R8f7 32. a4 Kg7 33. Rc5 h4
34. Rc1 Be6 35. Re4 Bb3 36. Rf1 g5 37. f5 Bc2 38. Re5 Rd6 39. Re4 Rfd7 40. Ng4
Rd4 41. Rfe1 Rxe4 42. Rxe4 Kf8 43. f6 Bb3 44. Re5 Rh7 45. Rxg5 Kf7 46. Rf5 Kg6
47. Rf2 Rh5 48. Ne3 Rh8 49. a5 Rf8 50. Rf4 Rh8 51. Kxd3 Rh5 52. Nc4 Bxc4+ 53.
Kxc4 Kf7 54. Rd4 Ke6 55. f7 Rf5 56. Rxh4 Rxf7 57. Re4+ Kd6 58. Rh4 Rg7 59. Rd4+
Kc7 60. g4 a6 61. b6+ Kc6 62. Rf4 Rg5 63. Kb4 Rb5+ 64. Ka4 Rg5 65. Rf6+ Kd7 66.
Rf7+ Kc8 67. Rc7+ Kb8 68. Rc4 Rg6 69. Kb3 Rg5 70. Ra4 Kc8 71. Kc3 Kd7 72. Kd3
Kc6 73. Ke3 Rg8 74. Kf3 Kb5 75. Ra1 Rf8+ 76. Kg2 Rg8 77. Kg3 Kb4 78. Ra2 Kb5 79.
Ra1 Kb4 80. Kf4 Rf8+ 81. Ke5 Rg8 82. Kf5 Rf8+ 83. Ke6 Rg8 84. Kd7 Rxg4 85. Kc8
Rg7 86. Kb8 Kb5 87. Ka7 Rh7 88. Rc1 Kxa5 89. Rc7 Rh6 90. Rxb7 Kb5 91. Rg7 a5 92.
b7 Rh8 93. Rg5+ Kb4 94. Rg4+ Kb3 95. Ka6 Rb8 96. Rg3+ Kb4 97. Ka7 Rh8 98. Rg6 a4
99. Rb6+ Kc3 100. Rc6+ Kb3 101. Rb6+ Kc3 102. Rc6+ 1/2-1/2

[Event "Gibraltar Open"]
[Site "Caleta ENG"]
[Date "2012.02.02"]
[Round "10.54"]
[White "Nezad, Husein Aziz"]
[Black "De Graaf, Dick"]
[Result "1-0"]
[WhiteTitle "IM"]
[WhiteElo "2402"]
[BlackElo "2183"]
[WhiteFideId "12100293"]
[BlackFideId "1005677"]
[EventDate "2012.01.24"]

1. d4 Nf6 2. c4 g6 3. Nc3 Bg7 4. e4 d6 5. Bd3 Nc6 6. Nge2 e5 7. d5 Nd4 8. Nxd4
exd4 9. Nb5 O-O 10. O-O Re8 11. Re1 a6 12. Nxd4 Nxd5 13. cxd5 Bxd4 14. Qc2 Bd7
15. Be3 Bg7 16. Rad1 c5 17. dxc6 Bxc6 18. Qb3 Qd7 19. Qc2 Rac8 20. Qb1 d5 21.
exd5 Qxd5 22. Bf1 Qh5 23. Rd2 Qh4 24. Qd1 Be5 25. h3 Qf6 26. Bd4 Bxd4 27. Rxe8+
Rxe8 28. Rxd4 Qe7 29. Qc2 Qe5 30. Rd1 Qe4 31. Qd2 Kg7 32. a3 h5 33. Rc1 Re6 34.
Qc3+ Kg8 35. Rd1 Re8 36. f3 Qe3+ 37. Qxe3 Rxe3 38. Bc4 Re5 39. Kf2 Kf8 40. h4
Bb5 41. Rd5 Rxd5 42. Bxd5 b6 43. Ke3 Ke7 44. Kd4 Be8 45. Bb7 a5 46. Kd5 Ba4 47.
f4 Kd7 48. f5 Ke7 49. Ba6 Bd7 50. Bd3 Be8 51. g3 a4 52. Ke5 f6+ 53. Kf4 gxf5 54.
Kxf5 Kf7 55. Bc4+ Kg7 56. Be2 Bd7+ 57. Ke4 Kg6 58. Kd5 Be8 59. Bd3+ Kf7 60. Kd6
Kg7 61. Kc7 Bg6 62. Be2 f5 63. Bb5 Kf6 64. Bxa4 Ke5 65. Kxb6 Kd4 66. Bc6 Ke3 67.
a4 1-0

[Event "Gibraltar Open"]
[Site "Caleta ENG"]
[Date "2012.02.02"]
[Round "10.57"]
[White "Bosboom, Manuel"]
[Black "Weeramantry, Sunil"]
[Result "1-0"]
[WhiteTitle "IM"]
[BlackTitle "FM"]
[WhiteElo "2394"]
[BlackElo "2183"]
[WhiteFideId "1000080"]
[BlackFideId "9900055"]
[EventDate "2012.01.24"]

1. d4 Nf6 2. Nf3 g6 3. c4 Bg7 4. Nc3 O-O 5. Bg5 d6 6. e3 c6 7. Be2 Nbd7 8. Qc2
h6 9. Bh4 a6 10. O-O e5 11. Rad1 Qe7 12. Nd2 Re8 13. b4 Nf8 14. dxe5 dxe5 15. c5
a5 16. a3 axb4 17. axb4 g5 18. Bg3 Nd5 19. Nxd5 cxd5 20. e4 d4 21. Nc4 Be6 22.
Ra1 Bxc4 23. Bxc4 Ne6 24. Bd5 Nf4 25. Qc4 Nxd5 26. exd5 Rxa1 27. Rxa1 e4 28. d6
Qd8 29. b5 d3 30. Rd1 h5 31. h3 h4 32. Bh2 g4 33. hxg4 Qd7 34. c6 bxc6 35. bxc6
Qxg4 36. f3 e3 37. fxg4 e2 1-0

[Event "Gibraltar Open"]
[Site "Caleta ENG"]
[Date "2012.02.02"]
[Round "10.58"]
[White "Valgmae, Toomas"]
[Black "Palencia, Wilson"]
[Result "1-0"]
[BlackTitle "IM"]
[WhiteElo "2208"]
[BlackElo "2324"]
[WhiteFideId "4502523"]
[BlackFideId "4401859"]
[EventDate "2012.01.24"]

1. d4 d5 2. Nf3 Bf5 3. c4 e6 4. Qb3 Nc6 5. Bf4 Bxb1 6. Rxb1 Bb4+ 7. Kd1 dxc4 8.
Qxc4 Nf6 9. e3 O-O 10. Bd3 Be7 11. Ke2 Nd5 12. Bg3 f5 13. Rhe1 g5 14. h3 h5 15.
Kf1 g4 16. Ne5 Nxe5 17. Bxe5 Bb4 18. e4 fxe4 19. Rxe4 Qg5 20. hxg4 Rf7 21. Kg1
Raf8 22. Rf1 Bd2 23. Be2 Rxf2 24. Rxf2 Be3 25. Bg3 b5 26. Qd3 Bxf2+ 27. Bxf2
Qc1+ 28. Bf1 Nf4 29. Qe3 1-0

[Event "Gibraltar Open"]
[Site "Caleta ENG"]
[Date "2012.02.02"]
[Round "10.59"]
[White "Henriksson, Johan"]
[Black "Dolgova, Olga"]
[Result "1-0"]
[BlackTitle "WIM"]
[WhiteElo "2308"]
[BlackElo "2206"]
[WhiteFideId "1703560"]
[BlackFideId "4158296"]
[EventDate "2012.01.24"]

1. d4 d5 2. Nf3 Nf6 3. c4 c6 4. e3 Bg4 5. Qb3 Qb6 6. Nc3 Bxf3 7. gxf3 e6 8. c5
Qc7 9. f4 b6 10. cxb6 axb6 11. Bd2 Nbd7 12. Rc1 Be7 13. Be2 O-O 14. O-O c5 15.
a3 Qb8 16. Nb5 Ne4 17. Be1 Bf6 18. Qd1 Rd8 19. f3 Nd6 20. Bc3 Nf5 21. Qd2 cxd4
22. Nxd4 Nxd4 23. Bxd4 Bxd4 24. Qxd4 Nc5 25. Rc3 Qd6 26. Rfc1 Rac8 27. Bd1 Rb8
28. b4 Nd7 29. Rc6 Qe7 30. Rc7 Qh4 31. Be2 Nf8 32. Kg2 e5 33. Qxe5 Re8 34. Qxd5
Re6 35. f5 Rd8 36. Qc4 Qg5+ 37. Qg4 Qxg4+ 38. fxg4 Rxe3 39. R1c2 Rxa3 40. Bc4
Ra4 41. Bxf7+ Kh8 42. Rc8 Ra8 43. Rxa8 Rxa8 44. Rc7 Rb8 45. Kf3 g6 46. Kf4 gxf5
47. gxf5 Kg7 48. Be6+ Kh6 49. Ke5 Kg5 50. Rc8 Rxc8 51. Bxc8 h5 52. Kd6 Nh7 53.
Kc6 Nf6 54. Kxb6 h4 55. b5 1-0

[Event "Gibraltar Open"]
[Site "Caleta ENG"]
[Date "2012.02.02"]
[Round "10.60"]
[White "Tscharotschkin, Michael"]
[Black "Aranha Filho, Alvaro Z."]
[Result "1/2-1/2"]
[BlackTitle "FM"]
[WhiteElo "2195"]
[BlackElo "2307"]
[WhiteFideId "4619510"]
[BlackFideId "2103931"]
[EventDate "2012.01.24"]

1. e4 c6 2. d4 d5 3. exd5 cxd5 4. c4 Nf6 5. Nc3 g6 6. cxd5 Nxd5 7. Bc4 Nb6 8.
Bb3 Bg7 9. Nf3 O-O 10. h3 Nc6 11. Be3 Na5 12. O-O Nxb3 13. axb3 Nd5 14. Qd2 Re8
15. Bh6 Bh8 16. Rfe1 b6 17. Ne5 Bb7 18. Qe2 Nxc3 19. bxc3 Qd5 20. Qf3 Bxe5 21.
dxe5 Qxf3 22. gxf3 Bxf3 23. Re3 Bd5 24. c4 Be6 25. Rd3 f6 26. h4 Kf7 27. exf6
exf6 28. Be3 Rec8 29. Ra6 Rcb8 30. Rd2 1/2-1/2

[Event "Gibraltar Open"]
[Site "Caleta ENG"]
[Date "2012.02.02"]
[Round "10.61"]
[White "Oberhofer, Andre"]
[Black "Seps, Monika"]
[Result "0-1"]
[BlackTitle "WIM"]
[WhiteElo "2299"]
[BlackElo "2182"]
[WhiteFideId "24654140"]
[BlackFideId "1308521"]
[EventDate "2012.01.24"]

1. e4 c5 2. Nf3 Nc6 3. c3 Nf6 4. e5 Nd5 5. d4 cxd4 6. cxd4 d6 7. Bc4 Nb6 8. Bb5
Bd7 9. Nc3 dxe5 10. dxe5 g6 11. O-O Bg7 12. Re1 O-O 13. Bf4 Bg4 14. Bg3 Qxd1 15.
Raxd1 Bxf3 16. gxf3 Rfd8 17. Bxc6 bxc6 18. Kf1 Rac8 19. f4 Nd5 20. Na4 Bh6 21.
Rd4 Nxf4 22. Rb4 0-1

[Event "Gibraltar Open"]
[Site "Caleta ENG"]
[Date "2012.02.02"]
[Round "10.64"]
[White "Ortega Ruiz, Jose Miguel"]
[Black "Schmidt, Ralf"]
[Result "0-1"]
[WhiteTitle "FM"]
[WhiteElo "2288"]
[BlackElo "2156"]
[WhiteFideId "2209713"]
[BlackFideId "4640950"]
[EventDate "2012.01.24"]

1. b3 Nf6 2. Bb2 d6 3. g3 g6 4. Bg2 Bg7 5. e4 O-O 6. d4 Nbd7 7. e5 Ne8 8. Nf3 c5
9. dxc5 Qa5+ 10. Nbd2 Nxe5 11. Nxe5 Bxe5 12. Bxe5 dxe5 13. c6 Nd6 14. O-O bxc6
15. Re1 Bb7 16. Qe2 f6 17. Ne4 Nxe4 18. Qxe4 Qc3 19. Rad1 Rad8 20. Bf1 Rd6 21.
Bd3 Rfd8 22. Qe3 Kg7 23. Qxa7 R8d7 24. Qe3 c5 25. Rc1 Qa5 26. a4 Rd4 27. Bb5
R7d6 28. c3 R4d5 29. Rb1 Qc7 30. Bf1 Rd2 31. Be2 Qd7 32. f3 Qf5 33. Rf1 Qc2 34.
Rbe1 Qxb3 35. Qxc5 Qxa4 36. Rf2 Qc2 37. Qe3 Qb3 38. Bf1 Rd1 39. c4 Qxe3 40. Rxe3
Rc1 41. f4 e4 42. g4 Rdd1 43. Kg2 Bc8 44. f5 Ba6 45. Be2 Rd4 46. fxg6 hxg6 47.
Ra3 Bxc4 0-1

[Event "Gibraltar Open"]
[Site "Caleta ENG"]
[Date "2012.02.02"]
[Round "10.65"]
[White "Rodriguez Lopez, Rafael"]
[Black "Allor, Chukwuka"]
[Result "0-1"]
[WhiteTitle "IM"]
[WhiteElo "2287"]
[BlackElo "2145"]
[WhiteFideId "2204495"]
[BlackFideId "8500908"]
[EventDate "2012.01.24"]

1. e4 c5 2. Nf3 d6 3. d4 cxd4 4. Nxd4 Nf6 5. Nc3 Nc6 6. Bc4 Qb6 7. Nb3 e6 8. Bf4
Ne5 9. Be2 a6 10. O-O Qc7 11. a4 b6 12. Nd2 Bb7 13. Be3 Be7 14. f4 Ned7 15. Qe1
O-O 16. g4 d5 17. e5 Ne4 18. Ncxe4 dxe4 19. Qf2 Bd5 20. Rfc1 g5 21. fxg5 Qxe5
22. h4 f5 23. Bd4 Bc5 24. Bxe5 Nxe5 25. gxf5 exf5 26. Qxc5 bxc5 27. Nb3 c4 28.
Rd1 Rad8 29. Nc5 f4 30. b3 cxb3 31. cxb3 f3 32. Bxa6 e3 33. Bc4 Bxc4 34. Rxd8
f2+ 35. Kg2 f1=Q+ 36. Rxf1 Bxf1+ 37. Kg1 Rxd8 0-1

[Event "Gibraltar Open"]
[Site "Caleta ENG"]
[Date "2012.02.02"]
[Round "10.66"]
[White "Daurelle, Herve"]
[Black "Borosova, Zuzana"]
[Result "0-1"]
[BlackTitle "WGM"]
[WhiteElo "2148"]
[BlackElo "2284"]
[WhiteFideId "602655"]
[BlackFideId "14905779"]
[EventDate "2012.01.24"]

1. e4 c5 2. Nf3 d6 3. d4 cxd4 4. Nxd4 Nf6 5. Nc3 a6 6. Bg5 Nbd7 7. f4 Qc7 8. Qf3
h6 9. Bxf6 Nxf6 10. f5 Qc5 11. O-O-O g5 12. fxg6 Bg4 13. gxf7+ Kxf7 14. Qd3 Bxd1
15. Nxd1 e6 16. g3 Bg7 17. Bh3 Rae8 18. Rf1 b5 19. Ne3 Rhf8 20. Kb1 Re7 21. e5
Qxe5 22. Nc6 Qc5 23. Nxe7 Kxe7 24. Re1 Kf7 25. Bxe6+ Kxe6 26. Qg6 Bh8 27. Qxh6
Kf7 28. Rf1 Bg7 29. Qf4 Qe5 30. Qf3 Kg8 31. c3 Ne4 32. Qd1 Rxf1 33. Nxf1 Qf5 34.
Ka1 Nxc3 35. Qb3+ Kh8 36. bxc3 Qxf1+ 37. Kb2 Qf2+ 38. Qc2 Qc5 39. a3 a5 0-1

[Event "Gibraltar Open"]
[Site "Caleta ENG"]
[Date "2012.02.02"]
[Round "10.67"]
[White "Ben Artzi, Ido"]
[Black "Seyfried, Claus"]
[Result "1-0"]
[WhiteElo "2284"]
[BlackElo "2141"]
[WhiteFideId "2810913"]
[BlackFideId "1271085"]
[EventDate "2012.01.24"]

1. d4 d5 2. c4 dxc4 3. e3 e5 4. Bxc4 exd4 5. exd4 Nf6 6. Nf3 Bd6 7. O-O O-O 8.
h3 Nc6 9. Nc3 a6 10. Bg5 h6 11. Bh4 g5 12. Bg3 Bxg3 13. fxg3 Kg7 14. d5 Na5 15.
Be2 c5 16. Qd2 Ng8 17. Ne4 f5 18. Nxc5 b6 19. Na4 b5 20. Nc5 Nf6 21. Rad1 Nb7
22. Nxb7 Bxb7 23. Nd4 Qxd5 24. Bf3 Ne4 25. Bxe4 fxe4 26. Qc3 Rxf1+ 27. Rxf1 Kg6
28. Nf5 Qd7 29. Ne3 Qe7 30. Ng4 Rf8 31. Rxf8 Qxf8 32. Qd4 Bc8 33. Qxe4+ Bf5 34.
Qc6+ Kh7 35. Nf6+ Kg7 36. Ne8+ Kh8 37. g4 Bb1 38. a3 Ba2 39. b4 Bc4 40. Nf6 Qd8
41. Nd7 Kg7 42. Qd6 Bg8 43. Kf2 Bc4 44. Qd4+ 1-0

[Event "Gibraltar Open"]
[Site "Caleta ENG"]
[Date "2012.02.02"]
[Round "10.68"]
[White "Dasaolu, Adeoye"]
[Black "Adrian, Claude"]
[Result "1-0"]
[BlackTitle "IM"]
[WhiteElo "2103"]
[BlackElo "2271"]
[WhiteFideId "416061"]
[BlackFideId "601071"]
[EventDate "2012.01.24"]

1. Nf3 e6 2. d4 c5 3. c4 cxd4 4. Nxd4 Nc6 5. Nb5 d6 6. e4 a6 7. N5a3 Nf6 8. Nc3
Be7 9. Be2 O-O 10. O-O b6 11. Nc2 Bb7 12. b3 Qc7 13. Bb2 Rad8 14. Ne3 Ne5 15.
Qd4 Ng6 16. g3 Rfe8 17. Bf3 Bf8 18. Rac1 h5 19. h4 Ba8 20. Na4 Ne5 21. Bg2 Ned7
22. b4 Qb8 23. Nc3 Rc8 24. Rfd1 Red8 25. a3 Ne5 26. Na4 b5 27. cxb5 axb5 28. Nc3
Nfg4 29. Nxg4 hxg4 30. Nb1 Be7 31. Qd2 Nc4 32. Qe2 Qb7 33. Re1 f5 34. Bd4 Ne5
35. Bxe5 dxe5 36. Nd2 f4 37. Qxg4 Rxc1 38. Rxc1 Rxd2 39. Qxe6+ Kh7 40. Bh3 Bf6
41. Bf5+ Kh6 42. Qg8 1-0

[Event "Gibraltar Open"]
[Site "Caleta ENG"]
[Date "2012.02.02"]
[Round "10.72"]
[White "Loew, Gerald"]
[Black "Choukri, Adel"]
[Result "1-0"]
[WhiteTitle "FM"]
[WhiteElo "2251"]
[BlackElo "2115"]
[WhiteFideId "4615875"]
[BlackFideId "9000399"]
[EventDate "2012.01.24"]

1. c4 e5 2. g3 Nf6 3. Bg2 Nc6 4. Nc3 Bc5 5. Nf3 d6 6. d3 h6 7. O-O a6 8. a3 O-O
9. b4 Bb6 10. Bb2 Bf5 11. Rc1 Qd7 12. e3 Bh3 13. d4 Bxg2 14. Kxg2 e4 15. Nd2
Rfe8 16. f3 exf3+ 17. Qxf3 Qg4 18. h3 Qxf3+ 19. Rxf3 Ne7 20. c5 Ba7 21. e4 Rad8
22. Nb3 Nc6 23. Rcf1 Rd7 24. Rxf6 gxf6 25. Nd5 Kg7 26. Nxf6 Rde7 27. Nxe8+ Rxe8
28. Kf3 b6 29. cxd6 cxd6 30. Rc1 Ne7 31. d5+ Kg6 32. g4 Rc8 33. Rxc8 Nxc8 34.
Bd4 b5 35. Bxa7 Nxa7 36. Nd4 Nc8 37. Nc6 Nb6 38. Nb8 Nc4 39. Nxa6 Nxa3 40. Nc7
Kf6 41. Kf4 Ke7 42. e5 Kd7 43. e6+ fxe6 44. Nxe6 Nc2 45. Ke4 Nxb4 46. Nd4 Ke7
47. Nxb5 Na2 48. h4 Nb4 49. Nd4 Kf6 50. Nf5 Na2 51. Nxd6 Nc3+ 52. Kd4 Ne2+ 53.
Ke3 Nc1 54. Nc4 Nb3 55. Kf4 Nc5 56. Ne5 Na6 57. d6 Nc5 58. d7 1-0

[Event "Gibraltar Open"]
[Site "Caleta ENG"]
[Date "2012.02.02"]
[Round "10.73"]
[White "Compton, Alistair"]
[Black "Byron, Alan M"]
[Result "0-1"]
[WhiteElo "2051"]
[BlackElo "2241"]
[WhiteFideId "4300645"]
[BlackFideId "401773"]
[EventDate "2012.01.24"]

1. e4 e6 2. Nf3 d5 3. Nc3 d4 4. Ne2 c5 5. c3 Nc6 6. cxd4 cxd4 7. Qa4 Bc5 8. b4
Bxb4 9. Nexd4 Qa5 10. Bb5 Qxa4 11. Bxa4 Bd7 12. Nxc6 Bxc6 13. Bxc6+ bxc6 14. Rb1
a5 15. Ke2 Ne7 16. d3 O-O 17. Bd2 c5 18. Rhc1 Rfc8 19. Be3 f6 20. Rc4 Rc6 21.
Rbc1 Rac8 22. a4 R8c7 23. Bd2 e5 24. g4 Kf7 25. g5 Ke6 26. gxf6 gxf6 27. Bh6 Ba3
28. Ra1 Bb4 29. Rac1 Ba3 30. Ra1 Bb4 31. Rac1 Kd7 32. Rg1 Nc8 33. Rg7+ Kd6 34.
Rg8 Rf7 35. Nh4 Nb6 36. Rc1 Nxa4 37. Rcg1 Rcc7 38. Rd8+ Kc6 39. Nf5 Nc3+ 40. Ke3
a4 41. Rd6+ Kb7 42. Re6 Nb5 43. Bg7 Rc6 44. Re7+ Rc7 45. Re6 Nd4 46. Nd6+ Ka7
47. Rxf6 Rxg7 0-1

[Event "Gibraltar Open"]
[Site "Caleta ENG"]
[Date "2012.02.02"]
[Round "10.75"]
[White "Al-Tamimi, Hamad"]
[Black "Herman, Jean"]
[Result "1/2-1/2"]
[WhiteElo "2237"]
[BlackElo "2077"]
[WhiteFideId "12100285"]
[BlackFideId "263036"]
[EventDate "2012.01.24"]

1. e4 e5 2. Nf3 Nc6 3. Nc3 Nf6 4. Bb5 Bd6 5. d3 h6 6. h3 a6 7. Ba4 b5 8. Bb3 Na5
9. Nd5 Nxb3 10. Nxf6+ Qxf6 11. axb3 O-O 12. O-O Re8 13. Nh2 Bb7 14. Ng4 Qg6 15.
Ne3 Bc5 16. Qg4 Qxg4 17. hxg4 c6 18. c4 g6 19. Rd1 Bf8 20. Bd2 d5 21. exd5 cxd5
22. cxd5 Red8 23. Ba5 Rd7 24. d4 exd4 25. Rxd4 Bc5 26. Rd3 Bxe3 27. Rxe3 Bxd5
28. Rd1 Be6 29. Rxd7 Bxd7 30. f3 Re8 31. Rxe8+ Bxe8 1/2-1/2

[Event "Gibraltar Open"]
[Site "Caleta ENG"]
[Date "2012.02.02"]
[Round "10.76"]
[White "Dunn, Andrew"]
[Black "De Seroux, Camille"]
[Result "0-1"]
[WhiteTitle "CM"]
[WhiteElo "2233"]
[BlackElo "2076"]
[WhiteFideId "401960"]
[BlackFideId "1305620"]
[EventDate "2012.01.24"]

1. c4 Nf6 2. Nc3 g6 3. e4 d6 4. g3 Bg7 5. Bg2 O-O 6. Nge2 c5 7. O-O Nc6 8. d3
Bd7 9. h3 a6 10. Be3 Rb8 11. a4 Ne8 12. d4 cxd4 13. Nxd4 Qa5 14. Rc1 Nxd4 15.
Bxd4 Bxa4 16. Nxa4 Bxd4 17. Qxd4 Qxa4 18. e5 Qb4 19. Rfe1 b5 20. exd6 Nxd6 21.
Qa7 bxc4 22. Re2 Qb6 23. Qxb6 Rxb6 24. Rxe7 Rxb2 25. Bd5 Rc8 26. Rc3 Rc5 27. Re5
Rbb5 0-1